HISTORIA DE LA EDUCACION PUBLICA EN MÉXICO (Registro nro. 68527)

Detalles MARC
000 -CABECERA
campo de control de longitud fija 00735nam a22002417a 4500
003 - IDENTIFICADOR DEL NÚMERO DE CONTROL
campo de control BPGM
005 - FECHA Y HORA DE LA ÚLTIMA TRANSACCIÓN
campo de control 20260624210753.0
008 - DATOS DE LONGITUD FIJA--INFORMACIÓN GENERAL
campo de control de longitud fija 260304s1981 mx ||||| |||| 00| 0 spa d
040 ## - FUENTE DE LA CATALOGACIÓN
Centro catalogador/agencia de origen BPGM
Lengua de catalogación spa
041 ## - CÓDIGO DE LENGUA
Código de lengua del texto/banda sonora o título independiente spa
Código de lengua original spa
082 04 - NÚMERO DE LA CLASIFICACIÓN DECIMAL DEWEY
Número de edición 379.72 /
Número de clasificación H57
Número de documento/Ítem 1981
100 ## - ENTRADA PRINCIPAL--NOMBRE DE PERSONA
Nombre de persona SOLANA, FERNANDO , CARDIEL REYES, RAUL , BOLAÑOZ MARTINEZ, RAUL
245 ## - MENCIÓN DE TÍTULO
Título HISTORIA DE LA EDUCACION PUBLICA EN MÉXICO
300 ## - DESCRIPCIÓN FÍSICA
Extensión 645 páginas ;
Dimensiones 15.5 x 23 cm
336 ## - TIPO DE CONTENIDO
Fuente rdacontent
Término de tipo de contenido texto
Código de tipo de contenido txt
337 ## - TIPO DE MEDIO
Fuente rdamedia
Nombre/término del tipo de medio sin mediación
Código del tipo de medio n
338 ## - TIPO DE SOPORTE
Fuente rdacarrier
Nombre/término del tipo de soporte volumen
Código del tipo de soporte nc
505 ## - NOTA DE CONTENIDO CON FORMATO
Nota de contenido con formato PENDIENTE.
650 ## - PUNTO DE ACCESO ADICIONAL DE MATERIA--TÉRMINO DE MATERIA
Término de materia o nombre geográfico como elemento de entrada CIENCIAS SOCIALES
650 ## - PUNTO DE ACCESO ADICIONAL DE MATERIA--TÉRMINO DE MATERIA
Término de materia o nombre geográfico como elemento de entrada CIENCIAS SOCIALES
650 ## - PUNTO DE ACCESO ADICIONAL DE MATERIA--TÉRMINO DE MATERIA
Término de materia o nombre geográfico como elemento de entrada ASUNTOS DE POLÍTICA PÚBLICA EN EDUCACIÓN
942 ## - ELEMENTOS DE PUNTO DE ACCESO ADICIONAL (KOHA)
Fuente del sistema de clasificación o colocación Dewey Decimal Classification
Tipo de ítem Koha General jóvenes y Adultos
Existencias
Estado de retiro Estado de pérdida Fuente del sistema de clasificación o colocación Estado dañado No para préstamo Código de colección Localización permanente Ubicación/localización actual Ubicación en estantería Fecha de adquisición Fuente de adquisición Total de préstamos Signatura topográfica completa Código de barras Fecha visto por última vez Número de copia Precio válido a partir de Tipo de ítem Koha Información codificada de la localización en otra ubicación
    Dewey Decimal Classification   Préstamo en Sala Colección General BFC BIBLIOTECA PÚBLICA CENTRAL ESTATAL “FRANCISCO CERVANTES” BIBLIOTECA PÚBLICA CENTRAL ESTATAL “FRANCISCO CERVANTES” ACCESO "B" PLANTA BAJA 03/04/2026 DGB   379.72 / H57 15128 03/04/2026 EJ. 1 04/22/2021 General jóvenes y Adultos  
    Dewey Decimal Classification     Colección General BFC BIBLIOTECA PÚBLICA CENTRAL ESTATAL “FRANCISCO CERVANTES” BIBLIOTECA PÚBLICA CENTRAL ESTATAL “FRANCISCO CERVANTES” ACCESO "B" PLANTA BAJA 03/04/2026 DGB   H57 1981 15129 03/04/2026 EJ. 2 04/22/2021 General jóvenes y Adultos  
    Dewey Decimal Classification   Préstamo en Sala Colección General BFC BIBLIOTECA PÚBLICA CENTRAL ESTATAL “FRANCISCO CERVANTES” BIBLIOTECA PÚBLICA CENTRAL ESTATAL “FRANCISCO CERVANTES” ACCESO "C " PLANTA BAJA 03/04/2026 DGB   H57 1981 *15130* 06/24/2026 EJ. 3 04/22/2021 General jóvenes y Adultos ACCESO B P